000 00724pam a2200241 a 4500
001 1492441
005 20180215050348.0
008 880613s1988 enka b 000 0 eng
010 _a 88013084
020 _a0850663911 :
_c$56.00 (U.S.)
020 _a0850663881 (pbk.) :
_c$26.00 (U.S.)
040 _aDLC
_cDLC
_dDLC
041 _aeng
080 _a658.4038
082 0 0 _a658.4038 EAS
_219
100 1 _a54
101 _aLID
245 1 0 _aInformation technology and organisational change /
_cby Ken Eason.
504 _aBibliography: p. 235-240.
906 _a7
_bcbc
_corignew
_d1
_eocip
_f19
_gy-gencatlg
942 _2ddc
_cBK
999 _c42623
_d42623